Casos, fábulas, anedotas ou inteligências, capacidades, competências (Record no. 67325)

MARC details
000 -LÍDER
campo de controle de tamanho fixo 00438 a2200157 4500
001 - NÚMERO DE CONTROLE
campo de controle 67325
020 ## - ISBN - INTERNATIONAL STANDARD BOOK NUMBER
ISBN - International Standard Book Number 8532628478
040 ## - FONTE DA CATALOGAÇÃO
Instituição que transcreveu o registro Anchieta - Pituba
100 ## - ENTRADA PRINCIPAL--NOME PESSOAL
Nome pessoal Antunes, Celso
240 10 - TÍTULO UNIFORME
Título uniforme Casos, fábulas, anedotas ou inteligências, capacidades, competências
Idioma da obra por
245 10 - TÍTULO
Título Casos, fábulas, anedotas ou inteligências, capacidades, competências
300 ## - DESCRIÇÃO FÍSICA
Extensão 184p.
362 0# - DATAS DE PUBLICAÇÃO E/OU DESIGNAÇÃO SEQUENCIAL
Datas de publicação e/ou designação sequencial 2004
650 #4 - ASSUNTO--TERMO TÓPICO
Cabeçalho tópico ou nome geográfico Educação
942 ## - ELEMENTOS DE ENTRADA ADICIONADOS (KOHA)
Tipo de material Koha Livros
Holdings
Situação do descarte Situação das perdas Situação física Não pode ser emprestado Biblioteca de origem Biblioteca atual Data de aquisição Total de empréstimos Número de chamada completo Código de barras Data de último acesso Data do preço efetivo Tipo de material Koha
        Colégio Anchieta - Pituba Colégio Anchieta - Pituba 21/11/2023   370 A636c ANT CAS 22195/PIT 21/11/2023 21/11/2023 Livros